Southville International School and Colleges
Your cart is empty.
  • Cart
  • Lists
    Public lists Eva Luna New books Lux_list list_1
    Your lists Log in to create your own lists
  • Log in to your account
  • Your cookies
  • Search history
Southville International School and Colleges
  • Advanced search
  • Recent comments
  • Most popular
  • Libraries

Log in to your account

Log in with GOOGLE


If you do not have an external account, but do have a local account, you can still log in:

  1. Home
  2. MARC view: Cafesnearme:
Normal view MARC view ISBD view

Cafesnearme: (Record no. 367196)

[ view plain ]
MARC details
000 -LEADER
fixed length control field 00843nam a22002057a 4500
003 - CONTROL NUMBER IDENTIFIER
control field 0
005 - DATE AND TIME OF LATEST TRANSACTION
control field 20250213112659.0
008 - FIXED-LENGTH DATA ELEMENTS--GENERAL INFORMATION
fixed length control field 250213b xxu||||| |||| 00| 0 eng d
050 ## - LIBRARY OF CONGRESS CALL NUMBER
Classification number G 70.212
Item number .P33 2023
100 ## - MAIN ENTRY--PERSONAL NAME
Personal name Padilla, Natasja Altea S.
245 ## - TITLE STATEMENT
Title Cafesnearme:
Remainder of title a location-based mobile application using gps
Statement of responsibility, etc Natasja Altea S. Padilla
260 ## - PUBLICATION, DISTRIBUTION, ETC. (IMPRINT)
Place of publication, distribution, etc Las Pinas City
Name of publisher, distributor, etc Southville International School and Colleges
Date of publication, distribution, etc 2023
300 ## - PHYSICAL DESCRIPTION
Extent xiv, 194 pages:
Other physical details colored pictures and illustration;
Dimensions 28cm.
500 ## - GENERAL NOTE
General note Bachelor of Science in Information Technology.
504 ## - BIBLIOGRAPHY, ETC. NOTE
Bibliography, etc Includes bibliographical references and appendices.
650 ## - SUBJECT ADDED ENTRY--TOPICAL TERM
Topical term or geographic name as entry element Location-Based Services (LBS)—Mobile Applications.
650 ## - SUBJECT ADDED ENTRY--TOPICAL TERM
Topical term or geographic name as entry element Mobile App Development—Café Finder Applications.
650 ## - SUBJECT ADDED ENTRY--TOPICAL TERM
Topical term or geographic name as entry element GPS Navigation—Consumer Applications.
942 ## - ADDED ENTRY ELEMENTS (KOHA)
Source of classification or shelving scheme Library of Congress Classification
Koha item type Theses
Holdings
Withdrawn status Lost status Source of classification or shelving scheme Damaged status Home library Current library Shelving location Date acquired Source of acquisition Total Checkouts Full call number Barcode Date last seen Price effective from Koha item type
    Library of Congress Classification   College Library College Library Theses Section 02/13/2025 Donation   G 70.212 .P33 2023 T1409 02/13/2025 02/13/2025 Theses

Cafesnearme:

APA

Padilla N. A. S., . (2023). Cafesnearme. Las Pinas City: Southville International School and Colleges.

Chicago

Padilla Natasja Altea S, . 2023. Cafesnearme. Las Pinas City: Southville International School and Colleges.

Harvard

Padilla N. A. S., . (2023). Cafesnearme. Las Pinas City: Southville International School and Colleges.

MLA

Padilla Natasja Altea S, . Cafesnearme. Las Pinas City: Southville International School and Colleges. 2023.

  • Print
  • Cite
  • Add to your cart (remove)
  • Save record
    BIBTEX Dublin Core MARCXML MARC (non-Unicode/MARC-8) MARC (Unicode/UTF-8) MARC (Unicode/UTF-8, Standard) MODS (XML) RIS
  • More searches
    Search for this title in:
    Other Libraries (WorldCat) Other Databases (Google Scholar) Online Stores (Bookfinder.com) Open Library (openlibrary.org)

Exporting to Dublin Core...

SOUTHVILLE LIBRARY

Southville International School and Colleges Library

1281 Tropical Ave. Cor. Luxembourg St., BF Homes International, Las Pinas City

Tel. No. 8256374 / 252358 Loc. 117/146

Powered by Koha